000 00341nam a2200145Ia 4500
008 230917s9999||||xx |||||||||||||| ||und||
040 _e14247
_aMAIN
041 _aEnglish
082 _a330.9 K156N
100 _aKatona, George
245 0 _aNew economic era
260 _aNew York
_bElsevier
_c1978
300 _avii,176 p.
942 _cBK
999 _c211457
_d211457